000 00491nam a2200193 a 4500
001 19337
003 CO-ViMGA
008 141112s2004 ck r 000 u spa d
020 _a8474192439
040 _aCO-ViMGA
_bspa
_cCO-ViMGA
082 0 4 _aGOSo
100 1 _aGoscinny,
_927763
245 1 0 _aLa Odisea de Asterix
260 _aBarcelona :
_bGrijalbo; 1991
300 _a48 p
490 _aUna Aventura de Asterix
650 1 4 _aCUENTOS INFANTILES DE AVENTURAS
_927764
942 _2ddc
_cBK
999 _c28494
_d28494